Diary of A Wimpy Kid Quiz - Statistics

General Stats
  • This quiz has been taken 334 times
  • The average score is 9 of 15
Answer Stats
Hint Answer % Correct
Who is the main character Greg
100%
Who is his best friend? Rowley
97%
Who is leader of Loded Diper? Rodrick
91%
What instrument does he play? Drums
87%
What is the dad's name? Frank
80%
The moms? Susan
77%
Who has a secret freckle(its got a hair in it)? Fregley
73%
What is the heffleys dogs name? Sweety
63%
Who is the girl that Greg likes throughout all the movies? Holly Hills
62%
What game do they play all the time? Twisted Wizard
58%
What is the girls sisters name? Heather Hills
53%
Who is the character that warns the two about the cheese? Chirag
46%
Who does Rodrick and Greg run from when they pranked him Coach Malone
19%
Who is Frank jealous of because of his kids? Stan
6%
What does Greg do when he gets jealous of Rowleys injury? Sympathy sheet
5%
No matching quizzes found
Score Distribution
Percent of People with Each Score
Percentile by Number Answered
Your Score History
You have not taken this quiz